000 00477nam a2200133 4500
999 _c14294
_d14294
008 190910b ||||| |||| 00| 0 eng d
082 _aDPer 050 T48 Apr-June 2016 v. 187 n. 12-24
100 _939490
_aStewart, Dan.
245 _aEmotion and immigration could drive Britain to exit the E.U./
_cDan Stewart.
260 _aHong Kong:
_bTime Asia,
_cc2016.
300 _av187 n24, pages 5-6:
_billustrations;
_c27 cm.
650 _aInternational relations.
_940179
942 _2ddc
_cPER